[Event "44th Annual World Open"]
[Site "Philadelphia USA"]
[Date "2016.06.30"]
[Round "1.2"]
[White "Carreto Nieto, Geovanni"]
[Black "Bologan, Viktor"]
[Result "1/2-1/2"]
[WhiteTitle "CM"]
[BlackTitle "GM"]
[WhiteElo "2224"]
[BlackElo "2654"]
[WhiteFideId "5105030"]
[BlackFideId "13900048"]
[EventDate "2016.06.30"]

1. e4 e5 2. Nf3 Nc6 3. d4 exd4 4. Nxd4 Bc5 5. Nxc6 bxc6 6. Nc3 Qh4 7. Qf3 Nf6 8.
Qg3 Qxg3 9. hxg3 O-O 10. f3 Re8 11. Bg5 Nd5 12. Na4 Bd6 13. g4 Bg3+ 14. Kd2 h6
15. Be3 Nxe3 16. Kxe3 Rb8 17. Bd3 d6 18. Rh5 c5 19. Rah1 f6 20. b3 Bd7 21. Nc3
Be5 22. Ne2 c6 23. Bc4+ Kf8 24. Nf4 Bxf4+ 25. Kxf4 a5 26. Rd1 Ke7 27. Rd3 Be6
28. Bxe6 Kxe6 29. c4 a4 30. Rh1 axb3 31. axb3 Ra8 32. Rhd1 Red8 33. R1d2 Ra3 34.
Kg3 Ke5 35. Kh2 Ra7 36. Kg3 g6 37. f4+ Kxe4 38. Rf3 Ra1 39. Re2+ Kd4 40. Rd2+
Ke4 41. Re2+ Kd4 42. Rd2+ Ke4 1/2-1/2

[Event "44th Annual World Open"]
[Site "Philadelphia USA"]
[Date "2016.06.30"]
[Round "1.3"]
[White "Bachmann, Axel"]
[Black "Awatramani, Janak"]
[Result "1-0"]
[WhiteTitle "GM"]
[WhiteElo "2642"]
[BlackElo "2222"]
[WhiteFideId "3700488"]
[BlackFideId "2608359"]
[EventDate "2016.06.30"]

1. Nf3 e6 2. g3 b6 3. Bg2 Bb7 4. c4 Nf6 5. O-O d5 6. d4 dxc4 7. Qa4+ Nbd7 8. Bg5
Bd5 9. Nc3 a6 10. Nxd5 b5 11. Nxf6+ gxf6 12. Qc2 fxg5 13. Ne5 Nxe5 14. dxe5 Bg7
15. Bc6+ Kf8 16. Rad1 Qb8 17. Qe4 Ra7 18. Rd7 Qb6 19. Qf3 Ke8 1-0

[Event "44th Annual World Open"]
[Site "Philadelphia USA"]
[Date "2016.06.30"]
[Round "1"]
[White "Bachmann, Axel"]
[Black "Awatramani, Janak"]
[Result "1-0"]
[WhiteTitle "GM"]
[WhiteElo "2642"]
[BlackElo "2222"]
[WhiteFideId "3700488"]
[BlackFideId "2608359"]
[EventDate "2016.06.30"]
[EventType "swiss"]

1. Nf3 e6 2. g3 b6 3. Bg2 Bb7 4. c4 Nf6 5. O-O d5 6. d4 dxc4 7. Qa4+ Nbd7 8. Bg5
Bd5 9. Nc3 a6 10. Nxd5 b5 11. Nxf6+ gxf6 12. Qc2 fxg5 13. Ne5 Nxe5 14. dxe5 Bg7
15. Bc6+ Kf8 16. Rad1 Qb8 17. Qe4 Ra7 18. Rd7 Qb6 19. Qf3 1-0

[Event "44th Annual World Open"]
[Site "Philadelphia USA"]
[Date "2016.06.30"]
[Round "1"]
[White "Durarbayli, Vasif"]
[Black "Akylbekov, Nasyr"]
[Result "0-1"]
[WhiteTitle "GM"]
[WhiteElo "2596"]
[BlackElo "2208"]
[WhiteFideId "13402935"]
[BlackFideId "13800353"]
[EventDate "2016.06.30"]
[EventType "swiss"]

1. e4 e5 2. Nf3 Nc6 3. Bb5 a6 4. Ba4 Nf6 5. Nc3 b5 6. Bb3 Bc5 7. d3 h6 8. Nd5 d6
9. c3 Be6 10. O-O Bxd5 11. exd5 Ne7 12. d4 exd4 13. Nxd4 O-O 14. Qf3 Ng6 15. Re1
Nd7 16. Qh3 Re8 17. Bd2 Nde5 18. a4 Qf6 19. axb5 axb5 20. Rxa8 Rxa8 21. Nf5 Nh4
22. Bc2 Nxf5 23. Qxf5 Qxf5 24. Bxf5 g6 25. Bb1 Ng4 26. Kf1 Bxf2 27. Re4 Ra1 28.
Rxg4 Bb6 29. Rb4 Rxb1+ 30. Be1 Ba5 31. Rb3 b4 32. cxb4 Bb6 33. Ke2 Bd4 34. b5
Bb6 35. g4 g5 36. h3 Kh7 37. Bc3 Kg6 38. Ra3 f5 39. Ra8 fxg4 40. hxg4 Rg1 41.
Rg8+ Kf7 42. Rg7+ Kf8 43. Kf3 Rf1+ 44. Kg3 Rd1 45. Rh7 Rxd5 46. Kf3 Rxb5 47.
Rxh6 Ba5 48. Rh8+ Ke7 49. Rh7+ Kd8 50. Bf6+ Kc8 51. Rh2 Be1 52. Re2 Bh4 53. Re7
Rb4 54. Re4 Rb3+ 55. Re3 Rb4 56. Re4 Rb5 57. Re7 Kb7 58. Rg7 Kc6 59. Bc3 Rb8 60.
Rf7 Ra8 61. Bf6 Ra1 62. Kg2 Ra4 63. Bd8 Rxg4+ 64. Kh3 Rg3+ 65. Kh2 Rb3 66. Rxc7+
Kd5 67. Bf6 Bg3+ 68. Kg2 Be5 69. Bxe5 Kxe5 70. Rc2 d5 71. Kf1 g4 72. Re2+ Kd4
73. Rd2+ Ke4 74. Re2+ Re3 75. Rg2 g3 76. Rc2 Kf3 77. Rd2 d4 78. Rc2 Rd3 0-1

[Event "44th Annual World Open"]
[Site "Philadelphia USA"]
[Date "2016.06.30"]
[Round "1"]
[White "Kacheishvili, Giorgi"]
[Black "Jacobson, Brandon"]
[Result "1-0"]
[WhiteTitle "GM"]
[BlackTitle "CM"]
[WhiteElo "2589"]
[BlackElo "2200"]
[WhiteFideId "13600613"]
[BlackFideId "30901561"]
[EventDate "2016.06.30"]
[EventType "swiss"]

1. d4 f5 2. c4 e6 3. g3 Nf6 4. Bg2 Be7 5. Nf3 O-O 6. O-O d6 7. b3 Ne4 8. Bb2 Bf6
9. Ne1 Nc6 10. e3 e5 11. Nc2 a5 12. f3 Ng5 13. Nc3 exd4 14. Nd5 f4 15. exf4 Ne6
16. Re1 Bd7 17. Qd2 Qb8 18. f5 Nc5 19. Nxf6+ Rxf6 20. Nxd4 Nxd4 21. Bxd4 Rxf5
22. Re7 Rf7 23. Rxf7 Kxf7 24. Bxc5 1-0

[Event "44th Annual World Open"]
[Site "Philadelphia USA"]
[Date "2016.06.30"]
[Round "1"]
[White "Tanenbaum, Zachary C"]
[Black "Li, Ruifeng"]
[Result "0-1"]
[BlackTitle "IM"]
[WhiteElo "2173"]
[BlackElo "2529"]
[WhiteFideId "2060850"]
[BlackFideId "2061074"]
[EventDate "2016.06.30"]
[EventType "swiss"]

1. e4 c5 2. Nf3 d6 3. d4 cxd4 4. Nxd4 Nf6 5. Nc3 a6 6. Be3 e5 7. Nb3 Be6 8. h3
Nbd7 9. f4 Rc8 10. f5 Rxc3 11. bxc3 Nxe4 12. fxe6 Qh4+ 13. Ke2 Nxc3+ 14. Kd2
Nxd1 15. exd7+ Kxd7 16. Rxd1 f5 17. Kc1 Kc7 18. Rd3 Be7 19. Rc3+ Kb8 20. g3 Qb4
21. Bd2 Qa4 22. Bg2 e4 23. Bf4 g5 24. Bd2 Bf6 25. Re3 Qxa2 26. Bc3 Rc8 27. Kd2
Rxc3 28. Rxc3 Qb2 29. Rc4 Qe5 30. g4 Qd5+ 0-1

[Event "44th Annual World Open"]
[Site "Philadelphia USA"]
[Date "2016.06.30"]
[Round "1"]
[White "Li, Zhaozhi"]
[Black "Panchanathan, Magesh Chandran"]
[Result "1/2-1/2"]
[BlackTitle "GM"]
[WhiteElo "2171"]
[BlackElo "2518"]
[WhiteFideId "2052695"]
[BlackFideId "5007429"]
[EventDate "2016.06.30"]
[EventType "swiss"]

1. d4 Nf6 2. c4 e6 3. Nf3 b6 4. Bf4 Bb4+ 5. Nbd2 Bb7 6. e3 O-O 7. Be2 Be7 8. h3
c5 9. O-O Nc6 10. Rc1 cxd4 11. exd4 d5 12. a3 dxc4 13. Nxc4 Rc8 14. b4 Nd5 15.
Bg3 b5 16. Ncd2 a5 17. Bxb5 axb4 18. axb4 Ncxb4 19. Qb3 Qb6 20. Be2 Nc2 21. Qxb6
Nxb6 22. Rb1 Nb4 23. Rfc1 Bd5 24. Bb5 Ba2 25. Ra1 Bd5 26. Rxc8 Rxc8 27. Ra7 Rc1+
28. Kh2 Bf8 29. Rc7 Ra1 30. Be8 f6 31. Bf7+ Kh8 32. Be8 Ra2 33. h4 Ra8 34. Bb5
Kg8 35. h5 Na4 36. Bc4 Nc3 37. Bf1 Nc6 38. Bc4 Ne7 39. Bd3 Bc6 40. Bc4 Ncd5 41.
Bxd5 Bxd5 42. Bd6 Kf7 43. Ne1 Ra6 44. Bb4 Ke8 45. Nd3 Rc6 46. Ra7 Rc2 47. Ne1
Rc8 48. Bc5 Nc6 49. Ra1 Nb4 50. Ra4 Bxc5 51. dxc5 Nc6 52. Ne4 Bxe4 53. Rxe4 e5
54. Ra4 Kf7 55. f4 Ke6 56. fxe5 fxe5 57. Rg4 Rc7 58. Nd3 Kd5 59. Kg3 Rf7 60. Nf2
Nd4 61. Ne4 Ne2+ 62. Kh2 Rf5 63. Ng3 Nxg3 64. Kxg3 Rf7 65. Ra4 Kxc5 66. Ra5+ Kd4
67. Ra4+ Kd3 68. Ra3+ Ke4 69. Ra4+ Kf5 70. Ra5 Rd7 71. Kf3 Rd3+ 72. Ke2 1/2-1/2

[Event "44th Annual World Open"]
[Site "Philadelphia USA"]
[Date "2016.07.01"]
[Round "2.2"]
[White "Ludwig, John G"]
[Black "Bachmann, Axel"]
[Result "1/2-1/2"]
[BlackTitle "GM"]
[WhiteElo "2348"]
[BlackElo "2642"]
[WhiteFideId "2075512"]
[BlackFideId "3700488"]
[EventDate "2016.06.30"]

1. e4 e5 2. Nf3 Nc6 3. Bb5 a6 4. Ba4 Nf6 5. d3 d6 6. c3 Bd7 7. Nbd2 g6 8. Nf1
Bg7 9. Bg5 h6 10. Bh4 g5 11. Bg3 h5 12. h4 g4 13. Ng5 Nh7 14. Nxh7 Rxh7 15. Ne3
Ne7 16. Bc2 Bh6 17. Qe2 Ng6 18. d4 Be6 19. dxe5 Nxe5 20. Rd1 Bg7 21. Nd5 Rh8 22.
Ba4+ c6 23. Ne3 Qe7 24. O-O O-O-O 25. Bb3 Ng6 26. Bxe6+ fxe6 27. Nc4 e5 28. Qe3
Kb8 29. Qg5 Qxg5 30. hxg5 h4 31. Bh2 Kc7 32. Ne3 Rh5 33. Nxg4 Rxg5 34. f3 Bf8
35. Rd2 Rh5 36. Rfd1 Be7 37. Kf2 Rf8 38. Ne3 Rf6 39. Nf5 Bf8 40. c4 b5 41. cxb5
axb5 42. Rc2 Rfxf5 43. exf5 Rxf5 44. a4 bxa4 45. Rc4 Be7 46. Rdc1 c5 47. Rxa4
Kd7 48. b4 cxb4 49. Rxb4 Ke6 50. Rb6 Rf8 51. Rcc6 Rg8 52. Rc2 Bg5 53. Rcc6 Be7
54. Rc2 Bg5 55. Rcc6 Rd8 56. Rc2 Ne7 57. Re2 Kf7 58. Rb7 Kg6 59. f4 Rf8 60. Kg1
exf4 61. Rexe7 Bxe7 62. Rxe7 f3 63. gxf3 Rxf3 64. Bxd6 1/2-1/2

[Event "44th Annual World Open"]
[Site "Philadelphia USA"]
[Date "2016.07.01"]
[Round "2.3"]
[White "Shimanov, Aleksandr"]
[Black "Harper, Warren"]
[Result "1/2-1/2"]
[WhiteTitle "GM"]
[BlackTitle "FM"]
[WhiteElo "2631"]
[BlackElo "2336"]
[WhiteFideId "4198603"]
[BlackFideId "2028140"]
[EventDate "2016.06.30"]

1. d4 d5 2. Bf4 Nf6 3. e3 c5 4. Nf3 Nc6 5. Nbd2 Bg4 6. c3 e6 7. Qb3 Qb6 8. Qxb6
axb6 9. Bb5 Nd7 10. Ne5 Ndxe5 11. Bxe5 O-O-O 12. Bg3 Bd6 13. Bxd6 Rxd6 14. Nb3
c4 15. Nd2 Na7 16. a4 Kc7 17. b3 cxb3 18. Nxb3 Nxb5 19. axb5 Rc8 20. Kd2 Kd8 21.
Nc1 f6 22. Nd3 Bh5 23. Ra7 Rd7 24. Rc1 Rdc7 25. Nb2 Be8 26. Na4 Bxb5 27. Nxb6
Rb8 28. Rb1 Bc6 29. g3 Ke7 30. Rb2 Rd8 31. Rb4 Kf7 32. c4 dxc4 33. Rxc4 Re7 34.
Rc5 Bf3 35. Kc3 g5 36. Kd3 Kg6 37. e4 f5 38. e5 f4 39. gxf4 gxf4 40. Ra1 Kh5 41.
Rg1 Kh4 42. d5 exd5 43. Kd4 Rde8 44. Rc3 Be2 45. Nxd5 Rxe5 46. f3 Rg5 47. Rxg5
Kxg5 48. Rc5 Rd8 49. Ke4 Re8+ 50. Kd4 Rd8 51. Ke4 Re8+ 52. Kd4 1/2-1/2

[Event "44th Annual World Open"]
[Site "Philadelphia USA"]
[Date "2016.07.01"]
[Round "2.4"]
[White "Gulamali, Kazim"]
[Black "Nyzhnyk, Illya"]
[Result "0-1"]
[WhiteTitle "FM"]
[BlackTitle "GM"]
[WhiteElo "2339"]
[BlackElo "2622"]
[WhiteFideId "2024764"]
[BlackFideId "14118084"]
[EventDate "2016.06.30"]

1. e4 e6 2. d4 d5 3. Nc3 Nf6 4. e5 Nfd7 5. f4 c5 6. Nf3 Nc6 7. Ne2 Be7 8. c3 Qb6
9. a3 a5 10. f5 cxd4 11. cxd4 exf5 12. Nf4 a4 13. Nxd5 Qa5+ 14. Nc3 O-O 15. Bf4
Rd8 16. d5 Nb6 17. d6 Bf8 18. Bb5 Be6 19. O-O h6 20. h4 g6 21. Qd2 Nc4 22. Bxc4
Bxc4 23. Rfe1 Kh7 24. Rad1 Bb3 25. Rc1 Bg7 26. Re3 Re8 27. Rce1 Rad8 28. Kh1 Rd7
29. Qe2 Rc8 30. Nb5 Nd8 31. Nfd4 Bc4 32. Qc2 Rc5 33. Nc7 Bd5 34. Rc3 Be4 35. Qc1
Rxe5 36. Bxe5 Qxe5 37. Ndb5 h5 38. Qe3 Bh6 39. Qf2 b6 40. Na8 Qxb5 41. Nc7 Qe5
42. Na8 Rxd6 0-1

[Event "44th Annual World Open"]
[Site "Philadelphia USA"]
[Date "2016.07.01"]
[Round "2"]
[White "Sevian, Samuel"]
[Black "Santarius, Erik F"]
[Result "1-0"]
[WhiteTitle "GM"]
[WhiteElo "2603"]
[BlackElo "2302"]
[WhiteFideId "2040506"]
[BlackFideId "2025817"]
[EventDate "2016.06.30"]
[EventType "swiss"]

1. e4 c6 2. d4 d5 3. e5 Bf5 4. h4 h5 5. Bd3 Bxd3 6. Qxd3 e6 7. Bg5 Qb6 8. Nd2 c5
9. c4 Nc6 10. Ngf3 cxd4 11. O-O Nge7 12. a3 a5 13. Rab1 Qc7 14. Bxe7 Bxe7 15.
cxd5 exd5 16. Rfe1 O-O 17. Nb3 Rac8 18. g3 Qb6 19. Re2 Rfe8 20. Nbxd4 Nxd4 21.
Nxd4 Rc4 22. Nf5 Qe6 23. Rbe1 Bc5 24. Nd6 Bxd6 25. exd6 Re4 26. Rxe4 dxe4 27.
Qb5 f5 28. Qxa5 Qxd6 29. Qxf5 e3 30. Qf4 exf2+ 31. Qxf2 Rf8 32. Qe3 Kh8 33. Kh2
Qd5 34. Re2 Rf1 35. Rg2 Qf5 36. Qe8+ Kh7 37. Qe2 Kh8 38. Qe8+ Kh7 39. Qe2 Kh8
40. Qc2 Qf3 41. Qd2 Kg8 42. Qe2 Qf5 43. a4 Qf3 44. b4 Qf5 45. Qc2 Qf3 46. Qa2+
Kh8 47. Qe2 Qf5 48. a5 Kg8 49. Qc2 Qd5 50. Qd2 Qf5 51. Qa2+ Kh8 52. Re2 Qf8 53.
Qd5 Rf2+ 54. Rxf2 Qxf2+ 55. Qg2 Qf7 56. Qe4 Qf2+ 57. Qg2 Qf7 58. b5 Qc4 59. Qb2
Qe4 60. Qa2 g5 61. a6 bxa6 62. bxa6 Kh7 63. a7 gxh4 64. a8=Q hxg3+ 65. Kh3 1-0

[Event "44th Annual World Open"]
[Site "Philadelphia USA"]
[Date "2016.07.01"]
[Round "2"]
[White "Acor, Corey B"]
[Black "Kacheishvili, Giorgi"]
[Result "0-1"]
[WhiteTitle "FM"]
[BlackTitle "GM"]
[WhiteElo "2304"]
[BlackElo "2589"]
[WhiteFideId "2024861"]
[BlackFideId "13600613"]
[EventDate "2016.06.30"]
[EventType "swiss"]

1. e4 c5 2. Nc3 Nc6 3. g3 g6 4. Bg2 Bg7 5. d3 d6 6. Be3 Rb8 7. Nf3 Nd4 8. Bxd4
cxd4 9. Ne2 Bg4 10. c3 dxc3 11. Nxc3 Nf6 12. h3 Bxf3 13. Bxf3 Nd7 14. O-O Ne5
15. Bg2 O-O 16. Rc1 Nc6 17. Kh2 Qa5 18. a3 Rfc8 19. f4 Bxc3 20. Rxc3 Nd4 21. Qc1
Rxc3 22. Qxc3 Qxc3 23. bxc3 Ne2 24. c4 e5 25. Rf2 Nd4 26. Rb2 b6 27. Kg1 Rc8 28.
Kf2 Rc5 29. Ke3 Ra5 30. Ra2 a6 31. Bf3 Kf8 32. Bd1 b5 33. a4 bxa4 34. Rxa4 Rxa4
35. Bxa4 f6 36. Kd2 Ke7 37. Bd1 Kd7 38. fxe5 fxe5 39. Kc3 Kc6 40. Kb4 Kb6 41. h4
a5+ 42. Kc3 h6 43. Bg4 Kc5 44. Bd1 Ne6 45. Bg4 Ng7 46. Bd1 Nh5 47. g4 Nf4 48. h5
g5 49. Bf3 Nh3 50. Bd1 Nf2 51. Be2 a4 52. Bf3 a3 0-1

[Event "44th Annual World Open"]
[Site "Philadelphia USA"]
[Date "2016.07.01"]
[Round "2"]
[White "Ortiz Suarez, Isan Reynaldo"]
[Black "Chase, Christopher"]
[Result "1-0"]
[WhiteTitle "GM"]
[BlackTitle "FM"]
[WhiteElo "2578"]
[BlackElo "2282"]
[WhiteFideId "3507165"]
[BlackFideId "2002396"]
[EventDate "2016.06.30"]
[EventType "swiss"]

1. Nf3 d6 2. e4 g6 3. d4 Bg7 4. Nc3 Nf6 5. Be3 a6 6. Qd2 b5 7. Bh6 Bxh6 8. Qxh6
b4 9. Nd5 Nxe4 10. Qg7 Rf8 11. Bd3 Nf6 12. Nxf6+ exf6 13. O-O Be6 14. a3 Nc6 15.
Qxh7 Kd7 16. Qh4 g5 17. Qg3 d5 18. axb4 Nxb4 19. Ne1 f5 20. f4 g4 21. Be2 a5 22.
c3 Nc6 23. Nd3 Rb8 24. Bd1 Kd6 25. Ba4 Ne7 26. Qe1 Ng6 27. Ne5 Nxe5 28. fxe5+
Ke7 29. Qh4+ f6 30. Rae1 Rb6 31. Qh7+ Rf7 32. exf6+ Kd6 33. Rxe6+ 1-0

[Event "44th Annual World Open"]
[Site "Philadelphia USA"]
[Date "2016.07.01"]
[Round "2"]
[White "Niemann, Hans M"]
[Black "Ramirez, Alejandro"]
[Result "1/2-1/2"]
[WhiteTitle "FM"]
[BlackTitle "GM"]
[WhiteElo "2298"]
[BlackElo "2563"]
[WhiteFideId "2093596"]
[BlackFideId "6500617"]
[EventDate "2016.06.30"]
[EventType "swiss"]

1. d4 e6 2. c4 Bb4+ 3. Bd2 a5 4. Nf3 d6 5. g3 Nc6 6. Nc3 Nf6 7. Bg2 O-O 8. O-O
Bd7 9. Qc2 a4 10. e4 e5 11. d5 Nb8 12. Ne1 a3 13. Nd3 Na6 14. Rab1 b6 15. b3 c6 1/2-1/2

[Event "44th Annual World Open"]
[Site "Philadelphia USA"]
[Date "2016.07.01"]
[Round "2"]
[White "Gelashvili, Tamaz"]
[Black "Zlotnikov, Mikhail"]
[Result "1-0"]
[WhiteTitle "GM"]
[BlackTitle "IM"]
[WhiteElo "2557"]
[BlackElo "2279"]
[WhiteFideId "13600702"]
[BlackFideId "2001900"]
[EventDate "2016.06.30"]
[EventType "swiss"]

1. e4 d6 2. d4 g6 3. Nf3 Bg7 4. Bc4 Nf6 5. Qe2 c6 6. e5 dxe5 7. dxe5 Nd5 8. h3
O-O 9. O-O Bf5 10. Bb3 Na6 11. Rd1 Qc7 12. g4 Be6 13. c4 Nb6 14. Nbd2 Rad8 15.
a3 Nc5 16. Bc2 a5 17. b3 a4 18. b4 Nb3 19. Bxb3 axb3 20. Re1 Na4 21. Nxb3 b5 22.
Na5 bxc4 23. Be3 c5 24. Qc2 Bd5 25. Nd2 Nb6 26. Bxc5 Bxe5 27. Rad1 Nc8 28. Ndxc4
Bg7 29. Qe2 Bc3 30. Rf1 Qf4 31. Qe3 Qxe3 32. fxe3 Be4 33. Bd4 Bxd4 34. Rxd4 Rxd4
35. exd4 Rd8 36. Rd1 Na7 37. Kf2 Nb5 38. Ke3 f5 39. gxf5 gxf5 40. a4 Nc3 41.
Rg1+ Kf8 42. Nb6 Rd6 43. Nac4 Rh6 44. Ne5 Rxh3+ 45. Kd2 e6 46. Nbd7+ Ke7 47.
Rg7+ Ke8 48. Nc5 Bd5 49. b5 Ne4+ 50. Nxe4 fxe4 51. b6 Rh2+ 52. Kc3 Rh3+ 53. Kb4
e3 54. Kc5 e2 55. Kd6 Kf8 56. Rg1 Ra3 57. Nd7+ Kf7 58. Nc5 Ra2 59. Re1 Rd2 60.
a5 Bf3 61. b7 Rxd4+ 62. Kc7 Bxb7 63. Kxb7 Rb4+ 64. Kc6 1-0

[Event "44th Annual World Open"]
[Site "Philadelphia USA"]
[Date "2016.07.01"]
[Round "2"]
[White "Gorovets, Andrey"]
[Black "Atoufi, Pedram"]
[Result "1-0"]
[WhiteTitle "IM"]
[BlackTitle "FM"]
[WhiteElo "2551"]
[BlackElo "2272"]
[WhiteFideId "13504037"]
[BlackFideId "12501654"]
[EventDate "2016.06.30"]
[EventType "swiss"]

1. d4 Nf6 2. c4 g6 3. Nc3 Bg7 4. e4 d6 5. Be2 O-O 6. Bg5 Na6 7. Qd2 e5 8. d5 Nc5
9. f3 h6 10. Be3 a5 11. O-O-O Kh7 12. g4 Ne8 13. h4 Bd7 14. h5 g5 15. Nh3 Bf6
16. Nf2 Na4 17. Kb1 Nxc3+ 18. Qxc3 b6 19. b3 Be7 20. Rd2 Nf6 21. Nd1 Qb8 22. Qc2
Be8 23. Nc3 Nd7 24. Kc1 Nc5 25. Kd1 Bd7 26. Ke1 Kg7 27. Kf2 Qa7 28. Rb1 Rfc8 29.
Qd1 Bf6 30. Qf1 Rcb8 31. Bd1 Qa6 32. a3 Qc8 33. b4 axb4 34. axb4 Na4 35. Bxa4
Bxa4 36. b5 Ra5 37. Ra2 Rba8 38. Rb4 Bxb5 39. Rxa5 Rxa5 40. Rxb5 Ra3 41. Qc1 Qa8
42. Qc2 Qa6 43. Bc1 Ra1 44. Bb2 Rh1 45. Kg2 Rh4 46. Ne2 1-0

[Event "44th Annual World Open"]
[Site "Philadelphia USA"]
[Date "2016.07.01"]
[Round "2"]
[White "Shabalov, Alexander"]
[Black "Rozman, Levy"]
[Result "1-0"]
[WhiteTitle "GM"]
[WhiteElo "2533"]
[BlackElo "2254"]
[WhiteFideId "2008572"]
[BlackFideId "2039877"]
[EventDate "2016.06.30"]
[EventType "swiss"]

1. Nf3 Nf6 2. g3 d5 3. Bg2 Bg4 4. O-O Nbd7 5. c4 e6 6. b3 Bd6 7. Bb2 O-O 8. d3
c6 9. Nbd2 e5 10. h3 Bh5 11. Nh4 Re8 12. Ndf3 a5 13. cxd5 cxd5 14. Nf5 Bc7 15.
Rc1 Nf8 16. Qc2 Bxf3 17. exf3 Rc8 18. h4 g6 19. Nh6+ Kg7 20. Qd2 Ne6 21. Rfe1 d4
22. Ng4 Nxg4 23. fxg4 b6 24. Ba3 Rb8 25. Rc6 b5 26. Qc2 Qd7 27. Rc1 b4 28. Bb2
Bb6 29. g5 h6 30. Qe2 hxg5 31. Qxe5+ Kg8 32. Bh3 gxh4 33. Bxe6 fxe6 34. Rxb6 1-0

[Event "44th Annual World Open"]
[Site "Philadelphia USA"]
[Date "2016.07.01"]
[Round "2"]
[White "Li, Ruifeng"]
[Black "Wasiluk, Kevin M"]
[Result "1-0"]
[WhiteTitle "IM"]
[BlackTitle "FM"]
[WhiteElo "2529"]
[BlackElo "2248"]
[WhiteFideId "2061074"]
[BlackFideId "2026546"]
[EventDate "2016.06.30"]
[EventType "swiss"]

1. e4 e6 2. d4 d5 3. Nd2 Nf6 4. e5 Nfd7 5. Bd3 c5 6. c3 Nc6 7. Ngf3 cxd4 8. cxd4
Qb6 9. O-O Nxd4 10. Nxd4 Qxd4 11. Nf3 Qb6 12. a3 Be7 13. b4 Qd8 14. Re1 Nb6 15.
Nd4 Bd7 16. Qg4 Kf8 17. Re3 h5 18. Rh3 g6 19. Qe2 Kg7 20. f4 h4 21. Be3 Rc8 22.
Bf2 Rc7 23. Qg4 Qc8 24. Ne2 Ba4 25. Bxh4 Bxh4 26. Rxh4 Bc2 27. Rxh8 Kxh8 28.
Qh3+ Kg8 29. Ra2 Bxd3 30. Qxd3 Na4 31. Rd2 Rc4 32. h3 Nc3 33. Nd4 Qc7 34. Nxe6
fxe6 35. Qxg6+ Qg7 36. Qxe6+ Qf7 37. Qg4+ Qg7 38. Qf3 Qf7 39. f5 Ne4 40. Rd1 Rc3
41. Qg4+ Kf8 42. Qh4 Ng3 43. Qd8+ Kg7 44. f6+ Kg6 45. Qxd5 Qxd5 46. Rxd5 Rc1+
47. Kf2 Ne4+ 48. Ke3 Re1+ 49. Kd4 Ng5 50. Ra5 Ne6+ 51. Kd5 Nc7+ 52. Kd6 b6 53.
Ra4 Rc1 54. b5 Nxb5+ 55. Ke7 Rc7+ 56. Kd8 Kf7 57. Rg4 Ke6 58. Rg7 Rf7 59. Rxf7
Kxf7 60. Kd7 Nd4 61. h4 b5 62. h5 a5 63. h6 Ne6 64. Kc6 Ng5 65. Kxb5 Ke6 66.
Kxa5 Kxe5 67. Kb6 Kxf6 68. a4 Ne4 69. Kc6 Nc3 70. a5 Na2 71. g4 Kg6 72. g5 Nb4+
73. Kb7 1-0

[Event "44th Annual World Open"]
[Site "Philadelphia USA"]
[Date "2016.07.01"]
[Round "2"]
[White "Fishbein, Alexander"]
[Black "Kretchetov, Alexandre"]
[Result "1-0"]
[WhiteTitle "GM"]
[BlackTitle "FM"]
[WhiteElo "2481"]
[BlackElo "2246"]
[WhiteFideId "2000377"]
[BlackFideId "4124588"]
[EventDate "2016.06.30"]
[EventType "swiss"]

1. e4 c6 2. d4 g6 3. c4 Bg7 4. Nc3 d6 5. Nf3 Bg4 6. Be3 e5 7. Be2 Nd7 8. d5 c5
9. Nb5 Bxf3 10. Bxf3 Qb8 11. Rb1 Bh6 12. Bxh6 Nxh6 13. Qd2 Ng8 14. Bg4 Ngf6 15.
Bxd7+ Nxd7 16. Qh6 a6 17. Nc3 Qd8 18. O-O Qe7 19. a3 Qf8 20. Qh4 Qe7 21. Qh6 Qf8
22. Qd2 Qe7 23. b4 O-O 24. Nd1 Rfb8 25. f4 exf4 26. Qxf4 Rf8 27. Nf2 Rae8 28.
Rbe1 cxb4 29. axb4 Ne5 30. Rc1 Rc8 31. c5 f6 32. Qe3 a5 33. cxd6 Qxd6 34. bxa5
Nd7 35. h3 Rfe8 36. Qd4 Ra8 37. Ng4 Kg7 38. Rb1 Rab8 39. Rb6 Qc5 40. Qxc5 Nxc5
41. Nxf6 Re5 1-0

[Event "44th Annual World Open"]
[Site "Philadelphia USA"]
[Date "2016.07.01"]
[Round "2"]
[White "Shetty, Atulya"]
[Black "Zhang, Chao"]
[Result "1-0"]
[WhiteTitle "FM"]
[WhiteElo "2366"]
[BlackElo "2119"]
[WhiteFideId "2031213"]
[BlackFideId "2099446"]
[EventDate "2016.06.30"]
[EventType "swiss"]

1. c4 Nf6 2. g3 e6 3. Bg2 d5 4. Nf3 d4 5. e3 c5 6. O-O Nc6 7. b3 Bd6 8. Na3 O-O
9. d3 e5 10. Nc2 Re8 11. e4 Bf8 12. h3 a6 13. Nh2 b5 14. f4 Nd7 15. Bf3 bxc4 16.
bxc4 Rb8 17. Bg4 exf4 18. gxf4 Nb6 19. a4 a5 20. Na3 Nb4 21. Bxc8 Qxc8 22. f5
Qc6 23. Nb5 Rb7 24. Bf4 Nxc4 25. dxc4 Rxe4 26. Qf3 Rbe7 27. Nd6 Rxf4 28. Qxf4
Re2 29. Qg4 Rxh2 30. Kxh2 Bxd6+ 31. Kg1 Nc2 32. Qg2 Qxg2+ 33. Kxg2 Ne3+ 34. Kf3
Nxc4 35. Ke2 Ne3 36. Rfb1 Nc2 37. Kd3 Nxa1 38. Rxa1 g6 39. f6 Be5 40. Rc1 Bxf6
41. Rxc5 Kg7 42. Rxa5 Bd8 43. Rd5 Bc7 44. a5 Bxa5 45. Rxa5 h5 46. Kxd4 Kf6 47.
Ke4 Kg7 48. h4 f6 49. Ra7+ Kh6 50. Rf7 f5+ 51. Kf4 1-0

[Event "44th Annual World Open"]
[Site "Philadelphia USA"]
[Date "2016.07.01"]
[Round "2"]
[White "Panchanathan, Magesh Chandran"]
[Black "Del Castillo Cabezas, Willian"]
[Result "1-0"]
[WhiteTitle "GM"]
[WhiteElo "2518"]
[BlackElo "2141"]
[WhiteFideId "5007429"]
[BlackFideId "3600513"]
[EventDate "2016.06.30"]
[EventType "swiss"]

1. e4 d5 2. exd5 Qxd5 3. Nf3 Nf6 4. d4 c6 5. Be2 Bf5 6. O-O Nbd7 7. c4 Qd6 8.
Nc3 e6 9. h3 h6 10. Be3 Be7 11. Qc1 Qc7 12. Rd1 Ne4 13. d5 e5 14. Nxe4 Bxe4 15.
Qd2 cxd5 16. cxd5 Qd6 17. Rac1 O-O 18. Qc3 f5 19. Nd2 Bxg2 20. Kxg2 f4 21. Bxa7
Rxa7 22. Bf3 Nc5 23. b4 Na4 24. Qb3 Bh4 25. Ne4 Qg6+ 26. Kh1 Qf5 27. d6+ Kh8 28.
Kh2 Nb6 29. Rd2 Nd7 30. Rc7 Rfa8 31. Qd5 h5 32. Rdc2 Nb6 33. Qb5 Ra3 34. Qe2 Nd5
35. Rxb7 Ne3 36. Rd2 Nc4 37. Rd1 Rxa2 38. Qxc4 Bxf2 39. Rb8+ Kh7 40. Qg8+ Kh6
41. Qh8+ Kg6 42. Bxh5+ Qxh5 43. Qxh5+ Kxh5 44. Rxa8 Bg3+ 45. Kg1 Rxa8 46. Nxg3+
fxg3 47. d7 Rd8 48. Kg2 Kh4 49. b5 Kg5 50. b6 Kf6 51. b7 Ke7 52. Kxg3 1-0